| 000 | 00821nam a2200253Ia 4500 | ||
|---|---|---|---|
| 005 | 20220316235928.0 | ||
| 008 | 141017s1997 sp a gr 000 0 spa | ||
| 020 | _a8408020439 | ||
| 041 | 1 | _aspa | |
| 082 | 0 | 4 |
_a507.22 _bS13m |
| 100 | 1 |
_aSagan, Carl _d1934-1996 |
|
| 245 | 1 | 3 |
_aEl mundo y sus demonios _bla ciencia como una luz de la oscuridad _cCarl Sagan ; traducción de Dolors Udina |
| 250 | _aOnceava reimpresión | ||
| 300 |
_a493 páginas _c23 cm |
||
| 650 | 1 | 4 |
_aCuriosidades y enigmas _2LEMB |
| 650 | 1 | 4 |
_aVida en otros planetas _2LEMB |
| 700 | 1 |
_aUdina, Dolors _etraductor _99072 |
|
| 942 |
_2ddc _cBK |
||
| 264 |
_aBarcelona _bPlaneta _c1997 |
||
| 336 |
_atexto _btxt _2rdacontent |
||
| 337 |
_asin mediación _bn _2rdamedia |
||
| 338 |
_avolumen _bnc _2rdacarrier |
||
| 040 |
_aCO-BoRNBP _bspa _erda _cCO-BoRNBP |
||
| 999 |
_c2626 _d2626 |
||